000 00468cam a2200193 4500
001 D12511
008 090401t1957 xxu||||| |||| 00| 0 eng d
035 _a(Sirsi) u3901
041 _aeng
100 _aCreswell, W.T.
245 4 _aThe law relating to building and engineering contracts
250 _a6th
260 _bSir Isaac Pitman and Sons Ltd
_c1957
350 _a0
520 _aShelf 114
700 _aPerry, D.R.
942 _n0
948 _c04/03/1997
999 _c85965
_d85965